Játékos nevelés
Elmentve itt :
| Szerző: | |
|---|---|
| Dokumentumtípus: | Cikk |
| Megjelent: |
1970-04-15
|
| Sorozat: | Délmagyarország
60 No. 87 |
| Kulcsszavak: | Színjátszás iskolai Szeged 1970, diákélet, diákmozgalmak |
| Online Access: | http://dmarchiv.bibl.u-szeged.hu/74374 |
| LEADER | 00487nab a2200157 i 4500 | ||
|---|---|---|---|
| 001 | delm74374 | ||
| 005 | 20180928082556.0 | ||
| 008 | 180928s1970 hu o 0|| hun d | ||
| 040 | |a SZTE Délmagyarország Archívum |b hun | ||
| 041 | |a hun | ||
| 100 | 1 | |a Akácz László | |
| 245 | 1 | 0 | |a Játékos nevelés |h [elektronikus dokumentum] / |c Akácz László |
| 260 | |c 1970-04-15 | ||
| 300 | |a 5 | ||
| 490 | 0 | |a Délmagyarország |v 60 No. 87 | |
| 695 | |a Színjátszás iskolai Szeged 1970, diákélet, diákmozgalmak | ||